|
|
|
|
| LEADER |
00828cam a2200229 7i4500 |
| 001 |
0000008932 |
| 005 |
20010329090000.0 |
| 020 |
0 |
0 |
|a 1567200443
|
| 090 |
0 |
0 |
|a B 658.8480973
|b MIL
|
| 100 |
1 |
0 |
|a Miller
|
| 245 |
1 |
0 |
|a Selling to newly emerging markets.
|
| 260 |
0 |
0 |
|a Westport, Connecticut:
|b Quorum Books,
|c 1998.
|
| 300 |
# |
# |
|a 274 p.
|
| 650 |
0 |
0 |
|a Export marketing --
|z United States of America
|
| 650 |
0 |
0 |
|a Foreign trade promotion --
|z United States of America
|
| 650 |
0 |
0 |
|a Risk management --
|z United States of America
|
| 650 |
0 |
0 |
|a Country risk --
|z United States of America
|
| 650 |
0 |
0 |
|a Former Soviet republics --
|x Economic conditions
|
| 650 |
0 |
0 |
|a Europe, Central --
|x Economic conditions
|
| 651 |
0 |
0 |
|a United States of America
|
| 651 |
0 |
0 |
|a Europe, Central
|
| 999 |
|
|
|a B000011876
|b Book
|c Book
|e Business Information Centre
|